Artificial intelligence : The search for the perfect machines

Tallennettuna:
Bibliografiset tiedot
Päätekijä: Stevens, Lawrence
Aineistotyyppi: Kirja
Kieli:Undetermined
Julkaistu: N. J. Hayden Book Company 1985
Aiheet:
Tagit: Lisää tagi
Ei tageja, Lisää ensimmäinen tagi!
Thư viện lưu trữ: Trung tâm Học liệu Trường Đại học Cần Thơ
LEADER 00539nam a2200193Ia 4500
001 CTU_84175
008 210402s9999 xx 000 0 und d
082 |a 001.53 
082 |b S844 
100 |a Stevens, Lawrence 
245 0 |a Artificial intelligence : 
245 4 |b The search for the perfect machines 
245 0 |c Lawrence Stevens 
260 |a N. J. 
260 |b Hayden Book Company 
260 |c 1985 
650 |a Artificial intelligence 
904 |i Qhieu(sửa) 
980 |a Trung tâm Học liệu Trường Đại học Cần Thơ